Filmographie Steven Spielberg - Statistiques

Statistiques générales
  • Ce quiz a été pris 311 fois
  • Le résultat moyen est 18 sur 34
Statistiques - réponses
Année Films % Correct
1982 E.T., l'extra-terrestre
97%
1993 Jurassic Park
88%
1975 Les Dents de la mer
82%
1997 Le Monde perdu : Jurassic Park
75%
1993 La Liste de Schindler
74%
1984 Indiana Jones et le Temple maudit
71%
1989 Indiana Jones et la Dernière Croisade
67%
2018 Ready Player One
67%
1981 Les Aventuriers de l'arche perdue
65%
2022 The Fabelmans
62%
1971 Duel
56%
1998 Il faut sauver le soldat Ryan
56%
1977 Rencontres du troisième type
55%
2005 La Guerre des mondes
52%
2001 A.I. Intelligence artificielle
51%
2008 Indiana Jones et le Royaume du crâne de cristal
51%
2011 Les Aventures de Tintin : Le Secret de La Licorne
51%
2002 Minority Report
50%
2002 Arrête-moi si tu peux
48%
2016 Le Bon Gros Géant
46%
1985 La Couleur pourpre
45%
2004 Le Terminal
45%
2021 West Side Story
45%
2011 Cheval de guerre
44%
2015 Le Pont des espions
44%
2012 Lincoln
44%
2005 Munich
44%
1997 Amistad
36%
1991 Hook ou la Revanche du capitaine Crochet
36%
2017 Pentagon Papers
36%
1987 Empire du soleil
35%
1979 1941
33%
1974 Sugarland Express
32%
1989 Always
28%
Aucun quiz correspondant
Distribution des résultats
% des personnes avec chaque résultat
Percentile par nombre de réponses
Votre historique - résultats
Vous n’avez pas pris ce quiz